Nighty-nightmare / (Record no. 3407)

MARC details
000 -LEADER
fixed length control field 00716nam a22002417a 4500
001 - CONTROL NUMBER
control field 3407
003 - CONTROL NUMBER IDENTIFIER
control field FISKH
005 - DATE AND TIME OF LATEST TRANSACTION
control field 20240305105145.0
008 - FIXED-LENGTH DATA ELEMENTS--GENERAL INFORMATION
fixed length control field 240304b cb ||||| |||| 00| 0 eng d
040 ## - CATALOGING SOURCE
Original cataloging agency FISK
Language of cataloging eng
Transcribing agency FISK
Modifying agency FISK
050 ## - LIBRARY OF CONGRESS CALL NUMBER
Classification number PZ7.H83
082 ## - DEWEY DECIMAL CLASSIFICATION NUMBER
Classification number 813.54
100 ## - MAIN ENTRY--PERSONAL NAME
Personal name Howe James :
Dates associated with a name 1946-
245 ## - TITLE STATEMENT
Title Nighty-nightmare /
Statement of responsibility, etc. James Hoew
260 ## - PUBLICATION, DISTRIBUTION, ETC.
Place of publication, distribution, etc. New York :
Name of publisher, distributor, etc. Atheneum,
Date of publication, distribution, etc. 1988
300 ## - PHYSICAL DESCRIPTION
Extent 122 pages :
Dimensions 20 cm
505 ## - FORMATTED CONTENTS NOTE
Formatted contents note M
520 ## - SUMMARY, ETC.
Summary, etc. When scary strangers appear at the Monroes' overnight campsite, Chester the cat tries to convince the family's two dogs that foul play is intended.
521 8# - TARGET AUDIENCE NOTE
Target audience note 680
Source Lexile
700 ## - ADDED ENTRY--PERSONAL NAME
Personal name James Howe
942 ## - ADDED ENTRY ELEMENTS (KOHA)
Source of classification or shelving scheme Dewey Decimal Classification
Koha item type Books
Suppress in OPAC No
Holdings
Withdrawn status Lost status Source of classification or shelving scheme Damaged status Not for loan Collection Home library Current library Shelving location Date acquired Total Checkouts Full call number Barcode Date last seen Copy number Price effective from Koha item type
    Dewey Decimal Classification     Fiction Footprints International School Library Network Toul Kork Campus Footprints International School Library Network Toul Kork Campus   03/04/2024   HOW PZ7.H83 813.54 2024-0167 03/04/2024 1 03/04/2024 Books
    Dewey Decimal Classification     Fiction Footprints International School Library Network Toul Kork Campus Footprints International School Library Network Toul Kork Campus   03/05/2024   HOW PZ7.H83 813.54 2024-0207 03/05/2024 2 03/05/2024 Books